Devuélveme a mi Chica - Hombres G - Estadísticas

Estadísticas generales
  • Esta prueba ha sido intentada 289 veces
  • La puntuación promedio es 114 de 137
Estadísticas de respuestas
% Correcto
a
100%
mi
100%
chica
99%
de
99%
devuélveme
99%
en
99%
mamón,
99%
su
99%
o
98%
Estribillo Sufre,
98%
te
98%
picapica
96%
polvos
96%
entre
95%
retorcerás
94%
el
92%
y
92%
Y
92%
se
91%
con
90%
ha
90%
amarillo
89%
un
89%
jersey
88%
lo
87%
Lo
87%
pijo
86%
blanco
85%
fiesta
85%
Verso Estoy
84%
habitación
84%
niño
84%
Ella
83%
Ford
83%
fue
82%
llorando
82%
pasar
81%
Verso Le
80%
Por
80%
veo
80%
Voy
80%
voy
80%
alrededor
79%
fatal
77%
nubla
77%
Todo
77%
Cuando
76%
paso
76%
ese
75%
parque
75%
les
74%
marica
74%
No
74%
vengarme
73%
besan,
71%
coche
70%
cuello
70%
llenarle
70%
que
69%
cinco
68%
seis
68%
Me
64%
he
63%
comprado
62%
esta
61%
más
60%
noche
60%
quería
58%
tengo
57%
preparado,
56%
quitaste
56%
vas
56%
nunca
55%
quemado
54%
reirás
54%
destrozarle
52%
morir
52%
siento,
51%
día
49%
nene,
49%
algún
48%
conmigo,
46%
volverá
46%
No se encontraron pruebas coincidentes
Distribución de puntuación
Porcentaje de gente con cada puntuación
Porcentaje por número respondido
Historial de tus puntuaciones
No has intentado esta prueba.